00573nam a2200193Ia 4500008004100000020001500041040001800056041000800074100001700082245003900099250001300138260008000151300001800231650002100249651002700270651002100297651003700318765002400355130821s1970 sp gr spa  a8433002864 aCo-BoUCMbspa00aspa1 aBright, John13aLa historia de IsraelcJohn Bright a13a. Ed. aBilbao (Vizcaya, España)bEditorial Española Descleé de Brouwerc1970 a588 páginas04aHistoria de Asia aIsraelxCivilización aIsraelxHistoria aIsraelxVida social y costumbres aA history of Israel